Наташа или Волжские разбойники (Запись № 10897041)

Подробности
000 -МАРКЕР
контрольное поле 03001ncm0a2200505 4500
001 - ИДЕНТИФИКАТОР ЗАПИСИ
контрольное поле RU\NLR\ONIZ\224637
005 - ИДЕНТИФИКАТОР ВЕРСИИ
контрольное поле 20250626145807.0
035 ## - ДРУГИЕ СИСТЕМНЫЕ НОМЕРА
Идентификатор записи RU\NLR\ONIZ\SOPHY\5000005350\20181204123659
035 ## - ДРУГИЕ СИСТЕМНЫЕ НОМЕРА
Идентификатор записи (NLR Aleph) 011903705
071 20 - ИЗДАТЕЛЬСКИЙ НОМЕР
Номер, присвоенный агентством № 4330-4344
100 ## - ДАННЫЕ ОБЩЕЙ ОБРАБОТКИ
Данные общей обработки 20181204d1861 |||y0rusy50 ca
101 0# - ЯЗЫК РЕСУРСА
Язык текста, звукозаписи и т.д. русский
102 ## - СТРАНА ПУБЛИКАЦИИ ИЛИ ПРОИЗВОДСТВА
Страна публикации российская федерация
125 ## - ПОЛЕ КОДИРОВАННЫХ ДАННЫХ: ЗВУКОЗАПИСИ И НОТНЫЕ ИЗДАНИЯ
Форма изложения нотного текста cx
128 ## - ПОЛЕ КОДИРОВАННЫХ ДАННЫХ: МУЗЫКАЛЬНАЯ ФОРМА, ТОНАЛЬНОСТЬ И ЛАД
Музыкальная форма op
135 ## - ПОЛЕ КОДИРОВАННЫХ ДАННЫХ: ЭЛЕКТРОННЫЕ РЕСУРСЫ
Кодированные данные для электронного ресурса crgn 008anaba
145 0# - ПОЛЕ КОДИРОВАННЫХ ДАННЫХ: СРЕДСТВО ИСПОЛНЕНИЯ МУЗЫКАЛЬНОГО ПРОИЗВЕДЕНИЯ (УСТАРЕВШЕЕ)
Тип средства исполнения c
200 1# - ЗАГЛАВИЕ И СВЕДЕНИЯ ОБ ОТВЕТСТВЕННОСТИ
Основное заглавие Наташа или Волжские разбойники
Общее обозначение материала Ноты
Сведения, относящиеся к заглавию опера в двух действиях
-- аранжированная для пения с фортепиано
Первые сведения об ответственности музыка К. П. Вильбоа
210 ## - ПУБЛИКАЦИЯ, РАСПРОСТРАНЕНИЕ И ДР.
Место издания, распространения и т.д. С.П.бург
Имя издателя, распространителя и т. д. у Ф. Стелловскаго
Дата издания, распространения и т.д. [1861]
215 ## - ФИЗИЧЕСКАЯ ХАРАКТЕРИСТИКА
Специфическое обозначение материала и объем 3, 179 с.
Размеры 34 см
300 ## - ОБЩИЕ ПРИМЕЧАНИЯ
Текст примечания Описано по обл. и сведениям перед нот. текстом
313 ## - ПРИМЕЧАНИЯ, ОТНОСЯЩИЕСЯ К ТЕМАТИЧЕСКОМУ ДОСТУПУ
Текст примечания Систематизация документа проведена по изданию - Методика классифицирования музыкальных произведений (нотных изданий) по таблицам Библиотечно-библиографических классификаций : метод. рекомендации / Гос. б-ка СССР им. В.И. Ленина.- М., 1977. Индексу ББК методических рекомендаций присваивается код ББК для научных библиотек - LBC/SL
316 ## - ПРИМЕЧАНИЯ ОБ ОСОБЕННОСТЯХ ЭКЗЕМПЛЯРА
Связь между полями b02899
Текст примечания На обл. штамп: Музыкальный магазин "Северная лира" 18 апр. 1911
Организация и экземпляр, к которому относится поле NLR: М 4/435
316 ## - ПРИМЕЧАНИЯ ОБ ОСОБЕННОСТЯХ ЭКЗЕМПЛЯРА
Связь между полями b03899
Текст примечания Экз. деф.: отсутствуют 3 с.
Организация и экземпляр, к которому относится поле NLR: М 4/435а
317 ## - ПРИМЕЧАНИЯ О ПРОИСХОЖДЕНИИ ЭКЗЕМПЛЯРА
Связь между полями b03899
-- z05703
Текст примечания На форзаце штамп: Нотн. библ. М. А. Балакирева
Организация и экземпляр, к которому относится поле NLR: М 4/435а
325 ## - ПРИМЕЧАНИЕ О КОПИИ
Текст примечания Копия доступна в Электрон. б-ке РНБ
606 1# - НАИМЕНОВАНИЕ ТЕМЫ КАК ПРЕДМЕТ
Наименование темы Оперы русские
Географический подзаголовок Россия
Хронологический подзаголовок 19-20 вв.
Код системы nlr_sh
686 ## - ИНДЕКСЫ ДРУГИХ КЛАССИФИКАЦИЙ
Индекс Щ971(28)Фп
Издание LBC/SL
Код системы
700 #1 - ИМЯ ЛИЦА - ПЕРВИЧНАЯ ОТВЕТСТВЕННОСТЬ
Код отношения Композитор
Графика поля Кириллица
Материалы, к которым относится поле rus
Начальный элемент ввода Вильбоа
Часть имени, кроме начального элемента ввода К. П.
Даты 1817-1882
Расширение инициалов личного имени Константин Петрович
Системный номер авторитетной/нормативной записи 235178
Идентификатор авторитетной/нормативной записи RU\NLR\AUTH\770235234
703 #1 - ИМЯ ЛИЦА - ПРОИСХОЖДЕНИЕ ИЛИ ВЛАДЕЛЕЦ
Связь между полями z05317
-- z04790
Начальный элемент ввода Балакирев
Часть имени, кроме начального элемента ввода М.А.
Даты 1837-1910
Расширение инициалов личного имени Милий Алексеевич
Код отношения Бывший владелец
790 #1 - ИМЯ ЛИЦА - АЛЬТЕРНАТИВНАЯ ФОРМА
Код отношения Композитор
Графика поля Латинская
Материалы, к которым относится поле rus
Начальный элемент ввода Vil'boa
Часть имени, кроме начального элемента ввода K. P.
Даты 1817-1882
Расширение инициалов личного имени Konstantin Petrovič
Системный номер авторитетной/нормативной записи 235054
Идентификатор авторитетной/нормативной записи RU\NLR\AUTH\770235110
790 #1 - ИМЯ ЛИЦА - АЛЬТЕРНАТИВНАЯ ФОРМА
Связь между полями z04703
Начальный элемент ввода Balakirev
Часть имени, кроме начального элемента ввода M. A.
Даты 1837-1910
Расширение инициалов личного имени Milij Alekseevič
Код отношения Бывший владелец
Графика поля Латинская
801 #0 - ИСТОЧНИК ЗАПИСИ
Страна российская федерация
Организация NLR
Дата составления 20181204
Правила каталогизации PSBO
801 #1 - ИСТОЧНИК ЗАПИСИ
Страна российская федерация
Организация NLR
Дата составления 20181204
Источник данных rusmarc
801 #2 - ИСТОЧНИК ЗАПИСИ
Страна российская федерация
Организация NLR
Дата составления 20181204
852 ## - МЕСТОНАХОЖДЕНИЕ И ШИФР ХРАНЕНИЯ
-- b02316
Идентификатор организации NLR
Наименование фонда или коллекции (Sub-Location Identifier) М
Шифр хранения (Call Number) 4/435
Страна
Номер экземпляра 1
852 ## - МЕСТОНАХОЖДЕНИЕ И ШИФР ХРАНЕНИЯ
-- b03316
-- b03317
Идентификатор организации NLR
Наименование фонда или коллекции (Sub-Location Identifier) М
Шифр хранения (Call Number) 4/435а
Страна
Номер экземпляра 2
942 ## - ДОПОЛНИТЕЛЬНЫЕ ЭЛЕМЕНТЫ ЗАПИСИ (АБИС)
Тип экземпляра АБИС Ноты
980 ## - КОЛЛЕКЦИЯ
Название коллекции Национальная библиография
980 ## - КОЛЛЕКЦИЯ
Название коллекции Отдел нот и звукозаписей
981 24 - КОЛЛЕКЦИЯ ЭЛЕКТРОННОЙ БИБЛИОТЕКИ
Название коллекции Нотные издания и аудиозаписи
Название подколлекции Оперы, оперетты
Экземпляры
Тип экземпляра Дата поступления Библиотека постоянного хранения Библиотека текущего хранения Место хранения Шифр хранения Статус не для выдачи
Ноты 04.12.2018 РНБ (Московский) РНБ (Московский) Фонд нот и звукозаписей 4/435 4/435  
Ноты 04.12.2018 РНБ (Московский) РНБ (Московский) Фонд нот и звукозаписей 4/435а 4/435а